logo

Bir Sreshtho Munshi Abdur Rouf Library
Jhenaidah Cadet College

Nostromo : (Record no. 7808)

MARC details
000 -LEADER
fixed length control field 00779nam a2200265 a 4500
001 - CONTROL NUMBER
JCCL Control Number 7808
003 - CONTROL NUMBER IDENTIFIER
JCCL marc code BD - JhCC
005 - DATE AND TIME OF LATEST TRANSACTION
control field 20180628102624.0
008 - FIXED-LENGTH DATA ELEMENTS--GENERAL INFORMATION
fixed length control field 940705s1984 enk 000 0 eng d
020 ## - INTERNATIONAL STANDARD BOOK NUMBER
International Standard Book Number 0192816241
020 ## - INTERNATIONAL STANDARD BOOK NUMBER
International Standard Book Number 0192833103 (1996 printing)
035 ## - SYSTEM CONTROL NUMBER
system control number (BD-JhCC)7808
040 ## - CATALOGING SOURCE
Original cataloging agency BD-JhCC
Modifying agency BD-JhCC
041 ## - LANGUAGE CODE
Language code of Book eng
082 ## - DEWEY DECIMAL CLASSIFICATION NUMBER
Author mark and Year CON 1984
Classification number 823.912
100 1# - MAIN ENTRY--PERSONAL NAME
Personal name Conrad, Joseph,
Dates associated with a name 1857-1924.
245 10 - TITLE STATEMENT
Title Nostromo :
Remainder of title a tale of the seaboard /
Statement of responsibility, etc Joseph Conrad ; edited with an introduction by Keith Carabine
260 ## - PUBLICATION, DISTRIBUTION, ETC. (IMPRINT)
Place of publication, distribution, etc Oxford :
Name of publisher, distributor, etc Oxford University Press,
Date of publication, distribution, etc 1984
300 ## - PHYSICAL DESCRIPTION
Pagination xlvii, 590 p. ;
Dimensions 19 cm.
504 ## - BIBLIOGRAPHY, ETC. NOTE
Bibliography, etc Includes a select bibliography.
700 1# - ADDED ENTRY--PERSONAL NAME
Personal name Carabine, Keith.
830 #0 - SERIES ADDED ENTRY--UNIFORM TITLE
Uniform title World's classics.
942 ## - ADDED ENTRY ELEMENTS (KOHA)
Source of classification or shelving scheme Dewey Decimal Classification
Koha item type Books
Holdings
Source of classification or shelving scheme Damaged status Not for loan Home library Current library Shelving location Total Checkouts Full call number Barcode Date last seen Copy number Koha item type
Dewey Decimal Classification     JCC Rouf Library JCC Rouf Library General Stacks   823.912 CON 1984 10417 02/14/2018 C - 1 Books

JCC Library | Contacts | JCC Home

Last Update on 23 September 2017
Copyright @ 2017-2020 JCC Rouf Library
Rouf Library, Jhenidah Cadet College (JCC), Bangladesh